000
00330 a2200145 4500
001
195052
040
_c
Magnum
100
_a
Kinney, Jeff
240
1
0
_a
Diário de uma Banana 12
_l
por
245
1
0
_a
Diário de uma Banana 12
300
_a
229
362
0
_a
2017
697
_a
LITERATURA INFANTO-JUVENIL ESTRANGEIRA
942
_c
BK
999
_c
195052
_d
195052